| 000 | 00616cam a2200229u 4500 | ||
|---|---|---|---|
| 001 | 21176 | ||
| 003 | BD-RjUL | ||
| 005 | 20211209000645.0 | ||
| 008 | 140303s1954 enk 000 0 eng d | ||
| 035 | _a(BD-RjUL)21240 | ||
| 040 |
_aDLC _cCarP _dBD-RjUL _beng |
||
| 041 | _aeng | ||
| 082 |
_a823 _bJOI 1965 |
||
| 100 | 1 |
_aJohnson, Pamela Hansford, _d1912- _965447 |
|
| 245 | 1 | 3 | _aAn impossible marriage / |
| 260 |
_aLondon : _bMacmillan, _c1965. |
||
| 300 |
_a343 p. ; _c20 cm. |
||
| 650 |
_aEnglish Literature Novel _966634 |
||
| 942 |
_2ddc _cBK |
||
| 999 |
_c21176 _d21176 |
||